000 00594nam a2200229Ia 4500
003 OSt
005 20220918210512.0
006 a|||||r|||| 00| 0
007 ta
008 220917b |||||||| |||| 00| 0 eng d
024 _a120,734
037 _cTextual
040 _aARTS
_cARTS
_beng
041 _2eng
_aeng
082 _aV73:2wL55, K2
100 _aMitchell Broadus
_9118419
245 0 _aAlexander Hamilton
_b youth and maturity 1755-1788
260 _c1962
650 _aHISTORY
942 _hV73:2wL55, K2
_cTEXL
_2CC
999 _c243990
_d243990